Active listening introducing: Level 1 Skills for understaning

Tallennettuna:
Bibliografiset tiedot
Aineistotyyppi: Kirja
Kieli:Undetermined
Julkaistu: Cambridge Cambridge Unversity Press 1995
Aiheet:
Tagit: Lisää tagi
Ei tageja, Lisää ensimmäinen tagi!
Thư viện lưu trữ: Trung tâm Học liệu Trường Đại học Cần Thơ
LEADER 00538nam a2200181Ia 4500
001 CTU_120795
008 210402s9999 xx 000 0 und d
082 |a 428.34 
082 |b A188/Cas.1 
245 0 |a Active listening introducing: Level 1 
245 0 |b Skills for understaning 
260 |a Cambridge 
260 |b Cambridge Unversity Press 
260 |c 1995 
650 |a English language,English language 
650 |x Listening,Study and teaching 
904 |i M.Loan 
980 |a Trung tâm Học liệu Trường Đại học Cần Thơ